000 00422nam a2200157 i 4500
001 93141
003 ES-MaACL
005 20230906181131.0
007 t|
008 050407s1934 mx ||||1| spa d
100 1 _aLombardo Toledano, Vicente.
_973196
245 1 3 _aEl llanto del Sureste /
_cVicente Lombardo Toledano.
260 _aMéxico :
_b[s. n.],
_c1934.
300 _a63 p. ;
_c8º.
852 _aES-MaACL
_j1826-F-4
999 _c93141
_d93141